|
|
|
|
| LEADER |
00840nab a2200217 i 4500 |
| 001 |
misc62601 |
| 005 |
20220926080205.0 |
| 008 |
220328s1922 hu o 0|| hun d |
| 040 |
|
|
|a SZTE Miscellanea Repozitórium
|b hun
|
| 041 |
|
|
|a hun
|
| 100 |
1 |
|
|a Grexa Gyula
|
| 245 |
1 |
2 |
|a A Csaba-monda és a székely hunhagyomány
|h [elektronikus dokumentum] /
|c Grexa Gyula
|
| 260 |
|
|
|a Szerző
|b Budapest
|c 1922
|
| 300 |
|
|
|a 61 p.
|c 24 cm
|
| 561 |
|
|
|a Németh Gyula hagyaték
|
| 591 |
|
|
|a NOA 2029; 27024/1933/34/4142; 3301/1924/25/280
|
| 650 |
|
4 |
|a Bölcsészettudományok
|
| 650 |
|
4 |
|a Történettudomány és régészet
|
| 650 |
|
4 |
|a Nyelvek és irodalom
|
| 695 |
|
|
|a Őstörténet - magyar, Székelyek története, Hunok története, Monda - magyar őstörténet
|
| 856 |
4 |
0 |
|u http://misc.bibl.u-szeged.hu/62601/1/2029_noa_g64.pdf
|z Dokumentum-elérés
|